[Event "FRA-ch U18"]
[Site "Aix les Bains"]
[Date "2009.04.25"]
[Round "8"]
[White "Banuls, Adrien"]
[Black "Devallee, Jeremie"]
[Result "0-1"]
[WhiteElo "1902"]
[BlackElo "2030"]
[PlyCount "60"]
[EventDate "2009.04.19"]
[EventType "swiss"]
[EventRounds "9"]
[EventCountry "FRA"]
[SourceTitle "CBM 130 Extra"]
[Source "ChessBase"]
[SourceDate "2009.07.02"]
[SourceVersion "2"]
[SourceVersionDate "2009.07.15"]
[SourceQuality "1"]

1. e4 e6 2. d4 d5 3. e5 c5 4. c3 Qb6 5. Nf3 Bd7 6. a3 Bb5 7. Bd3 Nc6 8. 0-0 Bxd3 9. Qxd3 Nh6 10. Bxh6 gxh6 11. b4 c4 12. Qe3 Ne7 13. Nh4 Rg8 14. Qh3 Ng6 15. f4 a5 16. Nd2 axb4 17. Nxg6 bxc3 18. Nxf8 Qxd4+ 19. Kh1 cxd2 20. Nxh7 0-0-0 21. Qf3 c3 22. Ra2 Qc4 23. Rc2 d4 24. Rb1 Rd5 25. Nf6 d3 26. Qf1 dxc2 27. Qxc4+ Kd8 28. Rg1 c1Q 29. Nxd5 Qxg1+ 30. Kxg1 d1Q+ 0-1

[Event "Hyeres"]
[Site "Hyeres"]
[Date "2009.03.01"]
[Round "2"]
[White "Banuls, Adrien"]
[Black "Bidet, Stephane"]
[Result "1/2-1/2"]
[WhiteElo "1858"]
[BlackElo "2011"]
[PlyCount "64"]
[EventDate "2009.02.28"]
[EventType "tourn"]
[EventRounds "7"]
[EventCountry "FRA"]
[SourceTitle "EXT 2010"]
[Source "ChessBase"]
[SourceDate "2010.11.25"]
[SourceVersion "1"]
[SourceVersionDate "2010.11.25"]
[SourceQuality "1"]

1. Nf3 Nf6 2. e3 g6 3. b4 Bg7 4. Bb2 0-0 5. c4 d6 6. Be2 Nbd7 7. a4 a5 8. b5 c5 9. d3 d5 10. Nfd2 e5 11. g4 d4 12. e4 Ne8 13. Nf1 Nd6 14. Bc1 Qh4 15. Rg1 Qe7 16. Bd2 Kh8 17. Qc1 Rg8 18. h4 f5 19. h5 fxe4 20. hxg6 Bf8 21. Bg5 Qg7 22. gxh7 Kxh7 23. Rh1+ Kg6 24. Bh6 Qe7 25. g5 Kf7 26. Bh5+ Ke6 27. Bg4+ Kf7 28. Bh5+ Ke6 29. Bxf8 Qxf8 30. Bg4+ Ke7 31. Rh6 Kd8 32. Be6 Nf7 1/2-1/2

[Event "Hyeres"]
[Site "Hyeres"]
[Date "2009.03.01"]
[Round "3"]
[White "Demuth, Adrien"]
[Black "Banuls, Adrien"]
[Result "1-0"]
[WhiteElo "2331"]
[BlackElo "1858"]
[PlyCount "59"]
[EventDate "2009.02.28"]
[EventType "tourn"]
[EventRounds "7"]
[EventCountry "FRA"]
[SourceTitle "EXT 2010"]
[Source "ChessBase"]
[SourceDate "2010.11.25"]
[SourceVersion "1"]
[SourceVersionDate "2010.11.25"]
[SourceQuality "1"]

1. d4 d5 2. c4 c6 3. Nf3 Nf6 4. Nc3 e6 5. Bg5 h6 6. Bh4 dxc4 7. e4 g5 8. Bg3 b5 9. Be2 Nbd7 10. Qc2 Bb7 11. Ne5 h5 12. h3 a6 13. Rd1 Qe7 14. Nxd7 Nxd7 15. a4 Bg7 16. 0-0 Nf6 17. e5 Nd5 18. Ne4 0-0-0 19. axb5 cxb5 20. Nc5 Nf4 21. Bxf4 gxf4 22. Nxb7 Qxb7 23. b3 Rhg8 24. Bf3 Qc7 25. bxc4 Qxc4 26. Qe4 Qd5 27. Qe2 Qb3 28. Rb1 Qa4 29. Ra1 Qxd4 30. Rfc1+ 1-0

[Event "Hyeres"]
[Site "Hyeres"]
[Date "2008.07.11"]
[Round "7"]
[White "Banuls, Adrien"]
[Black "Brongers, Henk"]
[Result "1/2-1/2"]
[WhiteElo "1814"]
[BlackElo "2070"]
[PlyCount "43"]
[EventDate "2008.07.07"]
[EventType "tourn"]
[EventRounds "7"]
[EventCountry "FRA"]
[SourceTitle "EXT 2012"]
[Source "ChessBase"]
[SourceDate "2011.11.24"]
[SourceVersion "1"]
[SourceVersionDate "2011.11.24"]
[SourceQuality "1"]

1. e4 c6 2. Nc3 d5 3. f4 dxe4 4. Nxe4 Nf6 5. Nf2 g6 6. Nf3 Bg7 7. Bc4 0-0 8. 0-0 Ng4 9. h3 Nxf2 10. Rxf2 c5 11. c3 Nc6 12. g4 Qd6 13. Ng5 Na5 14. Bf1 b6 15. Bg2 Bb7 16. Bxb7 Nxb7 17. Qf3 Qd7 18. f5 Rad8 19. fxg6 fxg6 20. Qe4 Rxf2 21. Kxf2 Rf8+ 22. Kg1 1/2-1/2

[Event "Hyeres"]
[Site "Hyeres"]
[Date "2008.07.10"]
[Round "5"]
[White "Kleinplatz, Sam"]
[Black "Banuls, Adrien"]
[Result "1-0"]
[WhiteElo "2265"]
[BlackElo "1814"]
[PlyCount "43"]
[EventDate "2008.07.07"]
[EventType "tourn"]
[EventRounds "7"]
[EventCountry "FRA"]
[SourceTitle "EXT 2012"]
[Source "ChessBase"]
[SourceDate "2011.11.24"]
[SourceVersion "1"]
[SourceVersionDate "2011.11.24"]
[SourceQuality "1"]

1. e4 c5 2. c3 Nf6 3. e5 Nd5 4. d4 cxd4 5. Bc4 e6 6. Nf3 dxc3 7. 0-0 cxb2 8. Bxb2 Ne7 9. Nc3 a6 10. Ne4 Ng6 11. a4 Be7 12. h4 Nc6 13. h5 Ngxe5 14. Nxe5 Nxe5 15. Bxe5 d5 16. h6 dxc4 17. hxg7 Rg8 18. Qh5 Bf6 19. Rad1 Qe7 20. Qxh7 Rxg7 21. Qh8+ Qf8 22. Bxf6 1-0